Online
Catalog

Cuando nadie me ve / (Record no. 59760)

MARC details
000 -CABECERA
campo de control de longitud fija 02031nam a2200301 i 4500
003 - IDENTIFICADOR DEL NÚMERO DE CONTROL
campo de control DO-SdBNP
005 - FECHA Y HORA DE LA ÚLTIMA TRANSACCIÓN
campo de control 20250812082418.0
007 - CAMPO FIJO DE DESCRIPCIÓN FÍSICA--INFORMACIÓN GENERAL
campo de control de longitud fija ta
008 - DATOS DE LONGITUD FIJA--INFORMACIÓN GENERAL
campo de control de longitud fija 250811t2025 dr 000 0 spa d
020 ## - NÚMERO INTERNACIONAL ESTÁNDAR DEL LIBRO
ISBN cancelado o inválido 9789945656374
040 ## - FUENTE DE LA CATALOGACIÓN
Centro catalogador/agencia de origen DO-SdBNP
Lengua de catalogación spa
Centro/agencia transcriptor BNPHU
Normas de descripción rda
041 ## - CÓDIGO DE LENGUA
Código de lengua del texto/banda sonora o título independiente spa
082 ## - NÚMERO DE LA CLASIFICACIÓN DECIMAL DEWEY
Número de clasificación xxxx
Número de documento/Ítem D346
Número de edición 22
100 1# - ENTRADA PRINCIPAL--NOMBRE DE PERSONA
Nombre de persona De León Díaz, Estherlyn Leidy
Fechas asociadas al nombre 1996-
Término indicativo de función/relación autora
Código de función/relación aut.
9 (RLIN) 26602
245 10 - MENCIÓN DE TÍTULO
Título Cuando nadie me ve /
Mención de responsabilidad, etc. Estherlyn Leidy De León Díaz
250 ## - MENCIÓN DE EDICIÓN
Mención de edición Primera edición
264 #1 - PRODUCCIÓN, PUBLICACIÓN, DISTRIBUCIÓN, FABRICACIÓN Y COPYRIGHT
Producción, publicación, distribución, fabricación y copyright Santo Domingo :
Nombre del de productor, editor, distribuidor, fabricante Editorial Santuario,
Fecha de producción, publicación, distribución, fabricación o copyright 2025.
300 ## - DESCRIPCIÓN FÍSICA
Extensión 50 páginas
Dimensiones 24 cm.
336 ## - TIPO DE CONTENIDO
Término de tipo de contenido texto
Código de tipo de contenido txt
Fuente rdacontent
337 ## - TIPO DE MEDIO
Nombre/término del tipo de medio sin mediación
Código del tipo de medio n
Fuente rdamedia
338 ## - TIPO DE SOPORTE
Nombre/término del tipo de soporte volumen
Código del tipo de soporte nc
Fuente rdacarrier
500 ## - NOTA GENERAL
Nota general Incluye datos biográficos de la autora en la solapa de la cubierta.
505 2# - NOTA DE CONTENIDO CON FORMATO
Título Palabras de la autora --
-- Sinopsis --
-- Prólogo --
-- Dedicatoria --
Información miscelánea Capítulo I --
Título Cuando respirar duele --
Información miscelánea Capítulo II --
Título El disfraz de "Todo va bien" --
Información miscelánea Capítulo III --
Título ruidos por dentro --
Información miscelánea Capítulo IV --
Título Los "Y si..." que no te dejan vivir --
Información miscelánea Capítulo V --
Título La noche: ese monstruo que no duerme --
Información miscelánea Capítulo VI --
Título Gente rota que sonríe en fotos --
Información miscelánea Capítulo VII --
Título No quiero que me vean así --
Información miscelánea Capítulo VIII --
Título Romperse también es avanzar --
Información miscelánea Capítulo IX --
Título Las pequeñas salidas --
Información miscelánea Capítulo X --
Título Cuando por fin me vi --
-- Carta al lector /
520 ## - SUMARIO, ETC.
Sumario, etc. Cuando nadie me ve no es un libro de autoayuda al uso. Es una experiencia emocional. Una herida abierta que aprendió a hablar. Una linterna encendida en medio del silencio que muchos han aprendido a callar. Aquí no encontrarás fórmulas mágicas ni frases hechas. Encontrarás historias que parecen contadas por tu propio cuerpo. Capítulos que duelen, pero que también abrazan. Y herramientas reales para cuando el pecho aprieta, la mente se acelera, y nadie parece entenderte. “Este libro no te salva, te acompaña. Y, a veces, eso lo es todo.”
590 ## - NOTA LOCAL (RLIN)
Nota local Inventariado, 2025/ YL
910 ## - DATOS DE OPCIÓN DEL USUARIO (OCLC)
Datos de opción del usuario YLockward
942 ## - ELEMENTOS DE PUNTO DE ACCESO ADICIONAL (KOHA)
Fuente del sistema de clasificación o colocación Dewey Decimal Classification
Tipo de ítem Koha Folleto
Holdings
Estado de retiro Estado de pérdida Fuente del sistema de clasificación o colocación Restricciones de uso No para préstamo Código de colección Localización permanente Ubicación/localización actual Ubicación en estantería Fecha de adquisición Fuente de adquisición Total de préstamos Signatura topográfica completa Código de barras Fecha visto por última vez Precio válido a partir de Tipo de ítem Koha Número de copia
    Dewey Decimal Classification Excluido de préstamo   Patrimonio Dominicano Folletos Biblioteca Nacional Pedro Henríquez Ureña Biblioteca Nacional Pedro Henríquez Ureña En catalogación 04.08.2025 Deposito Legal, Editorial Santuario   BNPHU F-PD xxxx D346 2025-8249 11.08.2025 11.08.2025 Folleto  
    Dewey Decimal Classification Excluido de préstamo   Patrimonio Dominicano Folletos Biblioteca Nacional Pedro Henríquez Ureña Biblioteca Nacional Pedro Henríquez Ureña En catalogación 04.08.2025 Deposito Legal, Editorial Santuario   BNPHU F-PD xxxx D346 2025-8250 11.08.2025 11.08.2025 Folleto e. 2
    Dewey Decimal Classification Préstamo en sala   Dominicana de Servicio Biblioteca Nacional Pedro Henríquez Ureña Biblioteca Nacional Pedro Henríquez Ureña En catalogación 04.08.2025 Deposito Legal, Editorial Santuario   BNPHU F-DS xxxx D346 2025-8251 11.08.2025 11.08.2025 Folleto e. 3

Powered by Koha